000 00321nam a22001337a 4500
008 170925b xxu||||| |||| 00| 0 eng d
020 _a9780827383524
041 _aeng
080 _a37
100 _a46
101 _aEDU
245 _aSTRATEGIES FOR INCLUDING CHILDREN WITH SPECIAL NEEDS
_cKLEIN,.M.D
942 _2udc
_cBK
999 _c29737
_d29737